The 12 Disciples - Statistics

General Stats
  • This quiz has been taken 32 times
  • The average score is 8 of 12
Answers on the Grid
Answers color-coded by a green-red scale on the quiz's grid according to % correct below.
Peter
John
Robert
Simon
Jerimiah
Isaac
Judas
Francis
Joseph
Rabbi
Bartholomew
Thomas
James
Aaron
Philip
Abel
Lazarus
Michael
James
Gabriel
Judas
Andrew
Paul
Matthew
 
Answer Stats
Answer % Correct
Peter
100%
John
86%
Judas
79%
Bartholomew
64%
Matthew
64%
Simon
64%
Thomas
64%
Andrew
57%
James
57%
Judas
57%
James
50%
Philip
50%
No matching quizzes found
Score Distribution
Percent of People with Each Score
Percentile by Number Answered
Your Score History
You have not taken this quiz